<?xml version="1.0" encoding="UTF-8"?>
<record
    xmlns:xsi="http://www.w3.org/2001/XMLSchema-instance"
    xsi:schemaLocation="http://www.loc.gov/MARC21/slim http://www.loc.gov/standards/marcxml/schema/MARC21slim.xsd"
    xmlns="http://www.loc.gov/MARC21/slim">

  <leader>01727nam a2200325 u 4500</leader>
  <controlfield tag="001">1107106</controlfield>
  <controlfield tag="005">20260507084313.0</controlfield>
  <controlfield tag="008">081003s2005                        spa  </controlfield>
  <datafield tag="020" ind1=" " ind2=" ">
    <subfield code="a">8436819985</subfield>
  </datafield>
  <datafield tag="035" ind1=" " ind2=" ">
    <subfield code="a">1107106</subfield>
  </datafield>
  <datafield tag="035" ind1=" " ind2=" ">
    <subfield code="a">(OCoLC)777017175</subfield>
  </datafield>
  <datafield tag="040" ind1=" " ind2=" ">
    <subfield code="c">comduadb</subfield>
  </datafield>
  <datafield tag="041" ind1=" " ind2=" ">
    <subfield code="a">spa</subfield>
  </datafield>
  <datafield tag="082" ind1=" " ind2="4">
    <subfield code="a">155</subfield>
  </datafield>
  <datafield tag="100" ind1="1" ind2="0">
    <subfield code="a">Caballo, Vicente E.</subfield>
    <subfield code="4">aut</subfield>
    <subfield code="e">aut</subfield>
    <subfield code="9">518727</subfield>
  </datafield>
  <datafield tag="245" ind1="1" ind2="0">
    <subfield code="a">Manual para la evaluaci&#xF3;n cl&#xED;nica de los trastornos psicol&#xF3;gicos : estrategias de evaluaci&#xF3;n, problemas infantiles y trastornos de ansiedad</subfield>
  </datafield>
  <datafield tag="260" ind1=" " ind2=" ">
    <subfield code="a">Barcelona :</subfield>
    <subfield code="b">Ediciones Pir&#xE1;mide,</subfield>
    <subfield code="c">2005.</subfield>
  </datafield>
  <datafield tag="300" ind1=" " ind2=" ">
    <subfield code="a">570 p&#xE1;ginas +</subfield>
    <subfield code="e">1 disco compacto</subfield>
  </datafield>
  <datafield tag="490" ind1="0" ind2=" ">
    <subfield code="a">Colecci&#xF3;n Psicologia</subfield>
  </datafield>
  <datafield tag="505" ind1=" " ind2=" ">
    <subfield code="a">CONTENIDO : Pr&#xF3;logo. -- PARTE PRIMERA: Estrategias de evaluaci&#xF3;n. -- PARTE SEGUNDA: Habilidades del entrevistador cl&#xED;nico. -- PARTE TERCERA: Evaluaci&#xF3;n de capacidades b&#xE1;sicas. -- PARTE CUARTA: Evaluaci&#xF3;n de los trastornos de inicio en la infancia, la ni&#xF1;ez o la adolescencia. -- PARTE QUINTA: Evaluaci&#xF3;n de otros trastornos de inicio en la infancia, la ni&#xF1;ez o la adolescencia. -- PARTE SEXTA: Evaluaci&#xF3;n de los trastornos de ansiedad en la infancia y en la edad adulta. -- Referencias bibliogr&#xE1;ficas.</subfield>
  </datafield>
  <datafield tag="505" ind1="8" ind2="0">
    <subfield code="t">Manual para la evaluacion clinica de los trastornos psicologicos : estrategias de evaluacion, problemas infantiles y trastornos de ansiedad</subfield>
  </datafield>
  <datafield tag="650" ind1=" " ind2="7">
    <subfield code="a">Trastornos mentales</subfield>
    <subfield code="2">dcs</subfield>
    <subfield code="9">70429</subfield>
  </datafield>
  <datafield tag="650" ind1=" " ind2=" ">
    <subfield code="a">Evaluaci&#xF3;n cl&#xED;nica</subfield>
    <subfield code="9">148226</subfield>
  </datafield>
  <datafield tag="650" ind1=" " ind2="7">
    <subfield code="a">Psicopatolog&#xED;a</subfield>
    <subfield code="2">lemb</subfield>
    <subfield code="9">221</subfield>
  </datafield>
  <datafield tag="650" ind1=" " ind2="7">
    <subfield code="a">Trastornos mentales</subfield>
    <subfield code="x">Diagn&#xF3;stico</subfield>
    <subfield code="2">dcs</subfield>
    <subfield code="9">53996</subfield>
  </datafield>
  <datafield tag="650" ind1=" " ind2=" ">
    <subfield code="a">Psicolog&#xED;a clinica - Evaluacion</subfield>
    <subfield code="9">157444</subfield>
  </datafield>
  <datafield tag="650" ind1=" " ind2="7">
    <subfield code="a">Psicodiagn&#xF3;stico</subfield>
    <subfield code="2">embne</subfield>
    <subfield code="9">32772</subfield>
  </datafield>
  <datafield tag="650" ind1=" " ind2="7">
    <subfield code="a">Psicodiagn&#xF3;stico</subfield>
    <subfield code="2">embne</subfield>
    <subfield code="9">32772</subfield>
  </datafield>
  <datafield tag="942" ind1=" " ind2=" ">
    <subfield code="c">BOOK</subfield>
  </datafield>
  <datafield tag="999" ind1=" " ind2=" ">
    <subfield code="c">479022</subfield>
    <subfield code="d">479022</subfield>
  </datafield>
  <datafield tag="952" ind1=" " ind2=" ">
    <subfield code="0">0</subfield>
    <subfield code="1">0</subfield>
    <subfield code="4">0</subfield>
    <subfield code="7">0</subfield>
    <subfield code="8">GEN</subfield>
    <subfield code="a">BC</subfield>
    <subfield code="b">BC</subfield>
    <subfield code="d">2008-10-03</subfield>
    <subfield code="e">Benedetti</subfield>
    <subfield code="g">197840.00</subfield>
    <subfield code="i">C1019952</subfield>
    <subfield code="l">1</subfield>
    <subfield code="m">2</subfield>
    <subfield code="o">155.28 M294ma</subfield>
    <subfield code="p">0680092</subfield>
    <subfield code="r">2025-12-15 13:39:36</subfield>
    <subfield code="s">2025-11-09</subfield>
    <subfield code="t">1</subfield>
    <subfield code="w">2023-04-28</subfield>
    <subfield code="y">BOOK</subfield>
  </datafield>
</record>
